Traumatismos articulares del mienbro inferior (Record no. 149140)

MARC details
000 -LEADER
campo de control de longitud fija 00576nam a2200157 4500
001 - NÚMERO DE CONTROL
campo de control 149140
003 - IDENTIFICADOR DE NÚMERO DE CONTROL
campo de control ES-MaACL
007 - CAMPO FIJO DE DESCRIPCIÓN FÍSICA--INFORMACIÓN GENERAL
campo de control de longitud fija t|
008 - DATOS DE LONGITUD FIJA--INFORMACIÓN GENERAL
campo de control de longitud fija 070214s1982 sp r ||||1| spa d
111 2# - ENTRADA PRINCIPAL--NOMBRE DE CONGRESO/REUNIÓN
Nombre de congreso/reunión o jurisdicción como elemento de entrada Symposium Internacional de Traumatología (
Sede del congreso/Lugar de la reunión Madrid (
Fecha del congreso o de la firma del tratado 1981) (
Número del congreso/reunión o número de parte o sección . 8ª)
9 (RLIN) 221437
245 10 - MENCIÓN DEL TÍTULO
Título Traumatismos articulares del mienbro inferior
Resto del título : cadera, rodilla, tobillo /
Mención de responsabilidad, etc. Symposium Internacional de Traumatología Madrid 1981 VIII edición.
260 ## - PUBLICACIÓN, DISTRIBUCIÓN, ETC.
Lugar de publicación, distribución, etc. Madrid :
Nombre del editor, distribuidor, etc. Mapfre,
Fecha de publicación, distribución, etc. 1982.
300 ## - DESCRIPCIÓN FÍSICA
Extensión XIV, 761 p. ;
Dimensiones 21 cm.
852 ## - LOCALIZACIÓN
Ubicación ES-MaACL
Número de control de estantería L-4163
Sublocalización o colección R.104377
Holdings
Estatus retirado Estado de pérdida Estado de daño No para préstamo Biblioteca de origen Biblioteca actual Ubicación en estantería Fecha de adquisición Fuente de adquisición Total de préstamos Signatura topográfica completa Código de barras Visto por última vez Precio de reemplazo Tipo de ítem Koha
        Biblioteca del Ateneo de Madrid Biblioteca del Ateneo de Madrid Depósito 2 17/01/2008     L-4163 1155630 23/02/2023 23/02/2023 Libro impreso